<?xml version="1.0" encoding="UTF-8"?>
<record
    xmlns:xsi="http://www.w3.org/2001/XMLSchema-instance"
    xsi:schemaLocation="http://www.loc.gov/MARC21/slim http://www.loc.gov/standards/marcxml/schema/MARC21slim.xsd"
    xmlns="http://www.loc.gov/MARC21/slim">

  <leader>01856nam a2200301 a 4500</leader>
  <controlfield tag="003">DO-SdBNP</controlfield>
  <controlfield tag="005">20240402134029.0</controlfield>
  <controlfield tag="007">ta</controlfield>
  <controlfield tag="008">220421e2017    dr ||||frgl|| 001 0 spa d</controlfield>
  <datafield tag="020" ind1=" " ind2=" ">
    <subfield code="a">9789945606256</subfield>
  </datafield>
  <datafield tag="040" ind1=" " ind2=" ">
    <subfield code="a">DO-SdBNP</subfield>
    <subfield code="b">spa</subfield>
    <subfield code="c">BNPHU</subfield>
  </datafield>
  <datafield tag="082" ind1=" " ind2="4">
    <subfield code="a">346.7293</subfield>
    <subfield code="b">R426c, 2017</subfield>
    <subfield code="2">22</subfield>
  </datafield>
  <datafield tag="110" ind1="1" ind2=" ">
    <subfield code="a">Rep&#xFA;blica Dominicana.</subfield>
    <subfield code="9">447</subfield>
  </datafield>
  <datafield tag="240" ind1="1" ind2="0">
    <subfield code="a">[C&#xF3;digo civil.]</subfield>
  </datafield>
  <datafield tag="245" ind1="1" ind2="0">
    <subfield code="a">C&#xF3;digo civil de la Rep&#xFA;blica Dominicana :</subfield>
    <subfield code="b">(basada en la tercera edici&#xF3;n oficial actualizada por la comisi&#xF3;n nombrada mediante decreto 826-1983; revisado con la segunda edici&#xF3;n oficial arreglada por la comisi&#xF3;n nombrada conforme al Decreto 2213-1884 y con la edici&#xF3;n impresa por la SCJ) /</subfield>
    <subfield code="c">[compilado] ;Juan Pablo Acosta, Trajano Vidal Potentini ; editor H&#xE9;ctor Guzm&#xE1;n R.</subfield>
  </datafield>
  <datafield tag="250" ind1=" " ind2=" ">
    <subfield code="a">12a. ed.</subfield>
  </datafield>
  <datafield tag="260" ind1=" " ind2=" ">
    <subfield code="a">Santo Domingo :</subfield>
    <subfield code="b">Dalis,</subfield>
    <subfield code="c">2017</subfield>
  </datafield>
  <datafield tag="300" ind1=" " ind2=" ">
    <subfield code="a">526 p. ;</subfield>
    <subfield code="c">14 cm.</subfield>
  </datafield>
  <datafield tag="500" ind1=" " ind2=" ">
    <subfield code="a">Modificado de forma expl&#xED;cita por cerca de 30 Leyes y algunos C&#xF3;digos. Modificado de forma Impl&#xED;cita por las Leyes 64-1924, 659-44, 4999-58 y 855-78. Actualizado y Adecuado conforme la Constituci&#xF3;n Vigente, las Leyes 630-16, 590-16, 139-13, 247-12, el Dec. 56-10 y sus modificaciones las Leyes 1022-35, 1337-47, 4381-56, 1022-35 y reafirmado por la Constituci&#xF3;n de 1955 y las dem&#xE1;s Constituciones. Hasta la fecha. Revisado con la Constituci&#xF3;n de 1874, varios C&#xF3;digos. Docs. 89-31_4807-59, 5137-59, 5406-59, 7312-61; y mas de 45 Leyes. Y Legislaciones complementarias.</subfield>
  </datafield>
  <datafield tag="590" ind1=" " ind2=" ">
    <subfield code="a">Inventariado, 2022/MFF</subfield>
  </datafield>
  <datafield tag="650" ind1=" " ind2="4">
    <subfield code="a">Derecho civil</subfield>
    <subfield code="x">Legislaci&#xF3;n</subfield>
    <subfield code="z">Rep&#xFA;blica Dominicana</subfield>
    <subfield code="9">3032</subfield>
  </datafield>
  <datafield tag="650" ind1=" " ind2="4">
    <subfield code="a">Derecho civil</subfield>
    <subfield code="z">Rep&#xFA;blica Dominicana</subfield>
    <subfield code="9">1058</subfield>
  </datafield>
  <datafield tag="700" ind1="1" ind2=" ">
    <subfield code="9">11716</subfield>
    <subfield code="a">Acosta, Juan Pablo </subfield>
  </datafield>
  <datafield tag="700" ind1="1" ind2=" ">
    <subfield code="a">Potentini Adames, Trajano Vidal&#x200F;</subfield>
    <subfield code="9">73577</subfield>
  </datafield>
  <datafield tag="700" ind1="1" ind2=" ">
    <subfield code="a">Guzm&#xE1;n R., H&#xE9;ctor </subfield>
    <subfield code="e">ed.</subfield>
    <subfield code="9">81484</subfield>
  </datafield>
  <datafield tag="910" ind1=" " ind2=" ">
    <subfield code="a">MF&#xE9;liz/Validado. Control de calidad MFF</subfield>
  </datafield>
  <datafield tag="942" ind1=" " ind2=" ">
    <subfield code="2">ddc</subfield>
    <subfield code="c">LBS1</subfield>
  </datafield>
  <datafield tag="952" ind1=" " ind2=" ">
    <subfield code="0">0</subfield>
    <subfield code="1">0</subfield>
    <subfield code="2">ddc</subfield>
    <subfield code="5">3</subfield>
    <subfield code="7">0</subfield>
    <subfield code="8">DS</subfield>
    <subfield code="a">BNPHU</subfield>
    <subfield code="b">BNPHU</subfield>
    <subfield code="c">HD</subfield>
    <subfield code="d">2018-05-12</subfield>
    <subfield code="e">Dep&#xF3;sito Legal </subfield>
    <subfield code="o">BNPHU PD 346.7293 R426c 2017</subfield>
    <subfield code="p">2022-1487</subfield>
    <subfield code="r">2022-04-21</subfield>
    <subfield code="w">2022-04-21</subfield>
    <subfield code="y">LBS1</subfield>
  </datafield>
  <datafield tag="952" ind1=" " ind2=" ">
    <subfield code="0">0</subfield>
    <subfield code="1">0</subfield>
    <subfield code="2">ddc</subfield>
    <subfield code="5">3</subfield>
    <subfield code="7">0</subfield>
    <subfield code="8">DS</subfield>
    <subfield code="a">BNPHU</subfield>
    <subfield code="b">BNPHU</subfield>
    <subfield code="c">HD</subfield>
    <subfield code="d">2018-05-12</subfield>
    <subfield code="e">Dep&#xF3;sito Legal </subfield>
    <subfield code="o">BNPHU PD 346.7293 R426c 2017</subfield>
    <subfield code="p">2022-1488</subfield>
    <subfield code="r">2022-04-21</subfield>
    <subfield code="t">e.2</subfield>
    <subfield code="w">2022-04-21</subfield>
    <subfield code="y">LBS1</subfield>
  </datafield>
  <datafield tag="952" ind1=" " ind2=" ">
    <subfield code="0">0</subfield>
    <subfield code="1">0</subfield>
    <subfield code="2">ddc</subfield>
    <subfield code="5">6</subfield>
    <subfield code="7">0</subfield>
    <subfield code="8">DS</subfield>
    <subfield code="a">BNPHU</subfield>
    <subfield code="b">BNPHU</subfield>
    <subfield code="c">HD</subfield>
    <subfield code="d">2018-05-12</subfield>
    <subfield code="e">Dep&#xF3;sito Legal </subfield>
    <subfield code="o">BNPHU DS 346.7293 R426c 2017</subfield>
    <subfield code="p">2022-1489</subfield>
    <subfield code="r">2022-04-21</subfield>
    <subfield code="t">e.3</subfield>
    <subfield code="w">2022-04-21</subfield>
    <subfield code="y">LBS1</subfield>
  </datafield>
  <datafield tag="999" ind1=" " ind2=" ">
    <subfield code="c">51559</subfield>
    <subfield code="d">51559</subfield>
  </datafield>
</record>
